000 00523nam a2200181 i 4500
001 61367
003 ES-MaACL
005 20230906164437.0
007 t|
008 031111s1970 sp ||||1| cat d
100 1 _aEvely, Louis.
_948385
245 1 0 _aAmor i matrimoni /
_cLouis Evely ; [traductor catalá, Joan Fortuny i Escoda].
250 _a[1ª ed.].
260 _a[Barcelona] :
_bAriel,
_c[1970]
300 _a253 p. ;
_c19 cm.
700 1 _aFortuny i Escoda, Joan.
_951884
852 _aES-MaACL
_jC-50595
_bR.73470
999 _c61367
_d61367